| 000 | 00617nam a22001937a 4500 | ||
|---|---|---|---|
| 003 | OSt | ||
| 005 | 20251104010359.0 | ||
| 008 | 251028b |||||||| |||| 00| 0 eng d | ||
| 020 | _a978-971-9980-38-4 | ||
| 040 |
_aDWCL - Main Lib _cOC |
||
| 082 |
_22nd _aRes. 510 M314 2023 |
||
| 100 | _aMarcelo, Cecilia M. | ||
| 245 |
_aiMath 9 / _cCecilia M. Marcelo |
||
| 260 |
_aCainta, Rizal, Philippines : _biBook Publishing Inc., _cc2023. |
||
| 300 |
_aviii, 328 pages _bcolored illustrations ; _c25 cm. |
||
| 490 | _aK to 12 Curriculum Series | ||
| 700 | _aI. Nenet M. PeƱaranda | ||
| 942 |
_2ddc _cBK-0 CIRC _n0 _e2nd _mRes. |
||
| 999 |
_c5245 _d5245 |
||